00453nam a2200157 a 45000010005000000030009000050080041000140400028000550820016000831000022000992450086001212600031002073000014002386500021002526500022002736205CO-ViMGA141112s2004 ck r 000 u spa d aCO-ViMGAbspacCO-ViMGA04a631.43 C1811 aCavajos, Teresita10aManual de prácticas de física de suelos / cCAvajos Teresita , Rojas Octavio  aMexico : bTrillas, c1992 a99 p : il14aFISICA DE SUELOS14aSUELOS - ANALISIS